|
|
|
|
| LEADER |
00000cam a22000004a 4500 |
| 001 |
musev2_6650 |
| 003 |
MdBmJHUP |
| 005 |
20230905040756.0 |
| 006 |
m o d |
| 007 |
cr||||||||nn|n |
| 008 |
041208s2005 alu o 00 0 eng d |
| 010 |
|
|
|z 2004029032
|
| 020 |
|
|
|a 9780817380427
|
| 020 |
|
|
|z 9780817314637
|
| 020 |
|
|
|z 9780817354992
|
| 035 |
|
|
|a (OCoLC)190811193
|
| 040 |
|
|
|a MdBmJHUP
|c MdBmJHUP
|
| 043 |
|
|
|a n-us-al
|
| 050 |
0 |
4 |
|a LD59.A53
|b C74 2005
|
| 082 |
0 |
|
|a 378.761/47
|2 22
|
| 245 |
0 |
0 |
|a Creating Community :
|b Life and Learning at Montgomery's Black University /
|c edited by Karl E. Westhauser, Elaine M. Smith, and Jennifer A. Fremlin.
|
| 264 |
|
1 |
|a Tuscaloosa :
|b University of Alabama Press,
|c 2005.
|
| 264 |
|
3 |
|a Baltimore, Md. :
|b Project MUSE,
|c 2012
|
| 264 |
|
4 |
|c ©2005.
|
| 300 |
|
|
|a 1 online resource (192 pages):
|b ill. ;
|
| 336 |
|
|
|a text
|b txt
|2 rdacontent
|
| 337 |
|
|
|a computer
|b c
|2 rdamedia
|
| 338 |
|
|
|a online resource
|b cr
|2 rdacarrier
|
| 504 |
|
|
|a Includes bibliographical references (p. [161]-165) and index.
|
| 505 |
0 |
|
|a You can go home again / Kathy Dunn Jackson -- E pluribus unum : discovering multiculturalism / Virginia M. Jones -- Genesis of the National Center for the Study of Civil Rights and African-American Culture / Janice R. Franklin -- I go to college / Frank E. Moorer -- Living a womanist legacy / Elaine M. Smith -- I pledge allegiance to my "black-eyed susan" university / Annie P. Markham -- Portrait of the artist as a young white man / Robert Ely -- City on a hill / Karl E. Westhauser -- Called home / Margaret Holler Stephens -- "You're not white, you're Canadian" : where I belong / Jennifer A. Fremlin -- The color brown : an Asian's perspective / Sunita George .
|
| 588 |
|
|
|a Description based on print version record.
|
| 610 |
2 |
0 |
|a Alabama State University
|x Faculty
|v Anecdotes.
|
| 610 |
2 |
0 |
|a Alabama State University
|x History.
|
| 650 |
|
0 |
|a African American universities and colleges
|z Alabama
|z Montgomery
|x History.
|
| 655 |
|
7 |
|a Electronic books.
|2 local
|
| 700 |
1 |
|
|a Fremlin, Jennifer A.
|q (Jennifer Anne),
|d 1962-
|
| 700 |
1 |
|
|a Smith, Elaine M.,
|d 1942-
|
| 700 |
1 |
|
|a Westhauser, Karl E.
|q (Karl Edwin),
|d 1961-
|
| 710 |
2 |
|
|a Project Muse.
|e distributor
|
| 830 |
|
0 |
|a Book collections on Project MUSE.
|
| 856 |
4 |
0 |
|z Texto completo
|u https://projectmuse.uam.elogim.com/book/6650/
|
| 945 |
|
|
|a Project MUSE - Custom Collection
|
| 945 |
|
|
|a Project MUSE - Archive Complete Foundation
|
| 945 |
|
|
|a Project MUSE - Archive Higher Education Foundation
|